University Home | Library Home | Institutional Repository

Writer's market/ (Record no. 102903)

MARC details
000 -LEADER
fixed length control field 00507cam a2200169 4500
008 - FIXED-LENGTH DATA ELEMENTS--GENERAL INFORMATION
fixed length control field 080403n 000 0 eng u
020 ## - INTERNATIONAL STANDARD BOOK NUMBER
International Standard Book Number 158297120x
035 ## - SYSTEM CONTROL NUMBER
System control number (Sirsi) a152491
050 ## - LIBRARY OF CONGRESS CALL NUMBER
Classification number GEN REF PN161 BRO 2003
245 ## - TITLE STATEMENT
Title Writer's market/
-- bedited by Kathryn Struckel Brogan and Robert Lee Brewer
250 ## - EDITION STATEMENT
Edition statement [82nd ed.]
260 ## - PUBLICATION, DISTRIBUTION, ETC.
Place of publication, distribution, etc. Ohio:
Name of publisher, distributor, etc. F and W,
-- c2003.
300 ## - PHYSICAL DESCRIPTION
Extent 1112p.
504 ## - BIBLIOGRAPHY, ETC. NOTE
Bibliography, etc. note Includes index.
650 ## - SUBJECT ADDED ENTRY--TOPICAL TERM
Topical term or geographic name entry element Authorship
General subdivision Marketing.
700 ## - ADDED ENTRY--PERSONAL NAME
Personal name Brogan, Kathryn Struckel
Holdings
Withdrawn status Lost status Source of classification or shelving scheme Damaged status Not for loan Home library Current library Shelving location Cost, normal purchase price Total Checkouts Full call number Barcode Date last seen Copy number Price effective from Koha item type
    Library of Congress Classification     Main Library Main Library On Shelf 0.00   GEN REF PN161 BRO 2003 33729005829705 08/19/2019 1 08/19/2019 Book
© 2026 - The University of Zambia Library - Koha v25.11